Ville des Etats-Unis - A à Z - Statistiques

Statistiques générales
  • Ce quiz a été pris 150 fois
  • Le résultat moyen est 8 sur 26
Statistiques - réponses
Indice Lettre Ville % Correct
On peut y aller pour assister à une course automobile de 500 miles. I Indianapolis
74%
Ce qui s'y passe y reste. L Las Vegas
60%
On y trouve une maison bleue adossée à la colline. S San Francisco
58%
Ville de la banlieue de Los Angeles, homonyme d'une ville du Vaucluse. O Orange
57%
Petite ville de Virginie, homonyme d'une race de chien. Y Yorkshire
54%
Ville de Pennsylvanie qui borde un lac du même nom. E Erie
53%
Capitale de l'Alaska. J Juneau
51%
Ville où George Floyd a été assassiné en mai 2020. M Minneapolis
50%
Ville natale de Barack Obama. H Honolulu
44%
Capitale de la Caroline du Nord. R Raleigh
39%
On peut y voir jouer les Pelicans si on aime le basketball. N New Orleans
31%
Capitale du Delaware. D Dover
29%
Une des plus grandes stations balnéaires de la côte Est. V Virginia Beach
24%
Ville minuscule de Virginie où l'on trouve une immense base militaire ainsi que des bureaux du FBI. Q Quantico
21%
Plus grande ville du Montana. B Billings
19%
Ville la plus au sud des Etats-Unis. (hors Hawaii) K Key West
18%
Petite ville de l'Illinois, ou prénom d'un joueur de NBA. Z Zion
17%
Ville du New Jersey où l'on trouve l'une des 8 universités de l'Ivy League. P Princeton
16%
Ville natale de LeBron James. A Akron
15%
Ville du Delaware, où Joe Biden a vécu la majeure partie de sa vie. W Wilmington
12%
Ville de l'Ohio, proche du Michigan, où sont fabriquées les Jeep. T Toledo
10%
Ville du Michigan qui subit de graves problèmes d'accès à l'eau potable. F Flint
9%
Ville de la banlieue de Dallas, où est née Selena Gomez. G Grand Prairie
6%
Ville frontalière du Mexique par Mexicali. C Calexico
5%
Petite ville de l'Ohio partiellement détruite par une tornade en 1974. X Xenia
3%
Petite ville du Massachusetts, homonyme d'une ville de la banlieue de Londres. U Uxbridge
1%
Aucun quiz correspondant
Distribution des résultats
% des personnes avec chaque résultat
Percentile par nombre de réponses
Votre historique - résultats
Vous n’avez pas pris ce quiz